Citizen of Zimbabwe (Record no. 2380)
[ view plain ]
| 000 -LEADER | |
|---|---|
| fixed length control field | 00543nam a2200217Ia 4500 |
| 003 - CONTROL NUMBER IDENTIFIER | |
| control field | 0100 |
| 008 - FIXED-LENGTH DATA ELEMENTS--GENERAL INFORMATION | |
| fixed length control field | 130227s9999 xx 000 0 und d |
| 040 ## - CATALOGING SOURCE | |
| Transcribing agency | ARRUPELIB |
| 050 ## - LIBRARY OF CONGRESS CALL NUMBER | |
| Classification number | DT2999.T78A3 2010 |
| 100 ## - MAIN ENTRY--PERSONAL NAME | |
| Personal name | Chan, Stephen; Tsvangirai, Morgan |
| 9 (RLIN) | 32015 |
| 245 ## - TITLE STATEMENT | |
| Title | Citizen of Zimbabwe |
| 245 ## - TITLE STATEMENT | |
| Remainder of title | Conversations with Morgan Tsvangirai |
| 250 ## - EDITION STATEMENT | |
| Edition statement | Revised ed. |
| 260 ## - PUBLICATION, DISTRIBUTION, ETC. (IMPRINT) | |
| Name of publisher, distributor, etc | Weaver Press |
| Place of publication, distribution, etc | Harare |
| Date of publication, distribution, etc | 2010 |
| 300 ## - PHYSICAL DESCRIPTION | |
| Extent | viii |
| 300 ## - PHYSICAL DESCRIPTION | |
| Other physical details | 106p. 22cm. |
| 600 ## - SUBJECT ADDED ENTRY--PERSONAL NAME | |
| Personal name | Tsvagirai, Morgan |
| 9 (RLIN) | 32016 |
| 942 ## - ADDED ENTRY ELEMENTS (KOHA) | |
| Source of classification or shelving scheme | Library of Congress Classification |
| Item type | Monograph ( Printed materials) |
| Withdrawn status | Lost status | Source of classification or shelving scheme | Damaged status | Not for loan | Collection code | Home library | Current library | Shelving location | Date acquired | Total Checkouts | Full call number | Barcode | Date last seen | Copy number | Price effective from | Koha item type |
|---|---|---|---|---|---|---|---|---|---|---|---|---|---|---|---|---|
| Library of Congress Classification | Main Collection | ARRUPE LIBRARY | ARRUPE LIBRARY | 27/02/2013 | DT2999.T78A3 2010 | 46403249 | 07/12/2017 | 1 | 27/02/2013 | Monograph ( Printed materials) |